000 00703nam a2200253Ia 4500
001 3512
005 20240113233633.0
007 ta
008 050521s968- a g b000 u eng u
040 _aCotton College Assam
041 _aeng
082 _a070.175
_bBAR
100 _aBaruah, Sanjeeb Kumar .
245 0 _aCottonian 1968-69, 45 issue /
_cSanjeeb Kumar Baruah.
_hMonographic Serials
250 _a1st ed. /
260 _aCotton College :
_bEditorial Board ,
_c1968-69.
300 _a55p. :
_bill. ;
_c23 cm .
500 _aWritten in English & Assamese
653 _aMagazine-Cottonian
653 _aCottonian
942 _2ddc
_cBK
999 _c3500
_d3500